Did it 'Really' Happen? Cost of Living Inequality in Argentina, 2004-2018
Merania nerovnosti zvyčajne vychádzajú z cenových indexov pre reprezentatívneho spotrebiteľa, čím sa chybne predpokladá identický spotrebný kôš domácností. Spotrebné vzorce sa však líšia, preto zmeny cien vplývajú na domácnosti rozdielne. Cieľom je spochybniť tento predpoklad a získať presnejší obra...
Uložené v:
| Hlavný autor: | |
|---|---|
| Médium: | Kapitola |
| Jazyk: | English |
| Predmet: | |
| Tagy: |
Žiadne tagy, Buďte prvý, kto otaguje tento záznam!
|
MARC
| LEADER | 00000naa a2200000 4500 | ||
|---|---|---|---|
| 001 | 0315462 | ||
| 005 | 20260318084327.5 | ||
| 041 | 0 | |a eng | |
| 044 | |a CZ | ||
| 245 | 1 | 0 | |a Did it 'Really' Happen? Cost of Living Inequality in Argentina, 2004-2018 |c Adam Gülşah |
| 520 | |a Merania nerovnosti zvyčajne vychádzajú z cenových indexov pre reprezentatívneho spotrebiteľa, čím sa chybne predpokladá identický spotrebný kôš domácností. Spotrebné vzorce sa však líšia, preto zmeny cien vplývajú na domácnosti rozdielne. Cieľom je spochybniť tento predpoklad a získať presnejší obraz o príjmovej nerovnosti v Argentíne (2004 – 2018) pomocou indexov životných nákladov špecifických pre úroveň príjmu z argentínskeho prieskumu výdavkov domácností. | ||
| 610 | 2 | 0 | |a náklady životné |
| 610 | 2 | 0 | |a nerovnosť |
| 610 | 2 | 0 | |a indexy |
| 610 | 2 | 0 | |a domácnosti |
| 610 | 2 | 0 | |a Argentína |
| 100 | 1 | |a Gülşah, Adam | |